1693 1556 1413 1688 1181 1663 1838 1262 1265 1896 1279 1053 1664 1340 1429 1328 1620 1017 1269 1142 1185 1594 1660 1032 1375 1945 1985 1431 1322 1540 1904 1873 1753 1556 1595 1472 1503 1803 1922 1087 1765 1950 1030 1398 1151 1105 1807 1578 1868 1581 1833 1243 1117 1498 1882 1334 1617 1396 1664 1001 1733 1870 1083 1099 1581 1414 1732 1749 1703 1889 1833 1231 1507 1097 1422 1987 1205 1695 1303 1240 1474 1299 1310 1056 1295 1597 1167 1577 1455 1845 1773 1031 1688 1267 1521 1877 1161 1201 1223 BCNSPRNW ULIB Ver.6.0+V

เปลี่ยนเป็นภาษาไทย

Change to English
 แสดงรายละเอียดบรรณานุกรม
  กลับหน้าหลัก

Brief Record : Get Marc (ISO 2709) : E-mail record : QR code < ปิดหน้าต่าง
LEADER : 00000nam 2200000uu 4500
001    13399111436
003     ULIB
008    110627s||||||||th 000 0 tha d
020    9786165020640
090    นว.^bญ242ธ 2554
100 0  ญาณา
245 00 ธาราหัวใจ/^cญาณา
250    พิมพ์ครั้งที่ 1
260    กรุงเทพฯ :^bSugar Beat,^c2554
300    367 หน้า
945    ^p230^l0^i030181
995    ทศพร
999 ^a ใช้งานได้ทุกระบบ
รายการนี้ยังไม่มีแท็ก
คุณยังไม่ได้ล็อกอิน คุณสามารถมีกิจกรรมร่วมกับเว็บไซต์ได้ แต่ต้องล็อกอินก่อน ::
  ล็อกอิน

รายการสื่อสารสนเทศ

ลำดับที่ ประเภท เลขเรียก/บาร์โค้ด สถานที่ สถานะ
- ไม่พบข้อมูล -

รายการใกล้เคียง
    ผู้แต่ง [ญาณา]

BibComment


ยังไม่เคยถูกคอมเมนท์

คอมเมนท์ทรัพยากรรายการนี้
  คอมเมนท์: ธาราหัวใจ ญาณา


 Copyright 2026. Bcnsprnw @Library